Servomechanism fundamentals / (Record no. 183979)
[ view plain ]
| 000 -LEADER | |
|---|---|
| fixed length control field | 01078 a2200205 4500 |
| 003 - CONTROL NUMBER IDENTIFIER | |
| control field | Nust |
| 005 - DATE AND TIME OF LATEST TRANSACTION | |
| control field | 20230404115914.0 |
| 010 ## - LIBRARY OF CONGRESS CONTROL NUMBER | |
| LC control number | 59013935 |
| 040 ## - CATALOGING SOURCE | |
| Transcribing agency | Nust |
| 082 ## - DEWEY DECIMAL CLASSIFICATION NUMBER | |
| Classification number | 629.8323,LAU |
| 100 ## - MAIN ENTRY--PERSONAL NAME | |
| Personal name | Lauer, Henri |
| 9 (RLIN) | 44479 |
| 245 ## - TITLE STATEMENT | |
| Title | Servomechanism fundamentals / |
| Statement of responsibility, etc. | Henri Lauer, Robert N. Lesnick [and] Leslie E. Matson |
| 250 ## - EDITION STATEMENT | |
| Edition statement | 2nd ed |
| 260 ## - PUBLICATION, DISTRIBUTION, ETC. | |
| Place of publication, distribution, etc. | New York, |
| Name of publisher, distributor, etc. | McGraw-Hill, |
| Date of publication, distribution, etc. | 1960 |
| 300 ## - PHYSICAL DESCRIPTION | |
| Extent | 491 p |
| Other physical details | illus |
| Dimensions | 24 cm |
| 505 ## - FORMATTED CONTENTS NOTE | |
| Formatted contents note | Elementary Forms Of Control Sys (Page-1), Servo Sys Follow-Up-Links (Page-23), Fundamentals Of Mechanics And Electricity (Page-45), Servomechanisms With Viscous (Page-78), Servomechanisms With Error Rate Damping (Page-139), Servomechanisms With Combined Viscous (Page-160), Error Rate Stabilization Networks (Page-173), Servomechanisms With Integral Control (Page-200), Transfer Function Analysis (Page-239), Servomechanisms Performance As Show (Page-297), Non Linear Servo Sys (Page-349), Servo Design Considerations (Page-431). |
| 600 ## - SUBJECT ADDED ENTRY--PERSONAL NAME | |
| Personal name | Lauer, Henri |
| 9 (RLIN) | 44479 |
| 650 ## - SUBJECT ADDED ENTRY--TOPICAL TERM | |
| Topical term or geographic name entry element | Servomechanism fundamentals |
| 9 (RLIN) | 111720 |
| 942 ## - ADDED ENTRY ELEMENTS (KOHA) | |
| Source of classification or shelving scheme | |
| Koha item type | Book |
| Withdrawn status | Lost status | Source of classification or shelving scheme | Damaged status | Not for loan | Permanent Location | Current Location | Shelving location | Date acquired | Full call number | Barcode | Date last seen | Price effective from | Koha item type | Public note |
|---|---|---|---|---|---|---|---|---|---|---|---|---|---|---|
| Military College of Signals (MCS) | Military College of Signals (MCS) | General Stacks | 12/12/2016 | 629.8323,LAU | MCS6321 | 12/08/2016 | 12/12/2016 | Book | Almirah No.74, Shelf No.7 |
